Practical Course In Effective English Speaking Skills (Record no. 335909)

MARC details
000 -LEADER
fixed length control field 00457nam a2200157Ia 4500
008 - FIXED-LENGTH DATA ELEMENTS--GENERAL INFORMATION
fixed length control field 230718s9999 xx 000 0 und d
020 ## - INTERNATIONAL STANDARD BOOK NUMBER
International Standard Book Number 9788120345843
041 ## - LANGUAGE CODE
Language code of text/sound track or separate title eng
082 ## - DEWEY DECIMAL CLASSIFICATION NUMBER
Classification number 428.0071
Item number GAN
100 ## - MAIN ENTRY--PERSONAL NAME
Personal name Gangal J.K.
9 (RLIN) 193947
245 ## - TITLE STATEMENT
Title Practical Course In Effective English Speaking Skills
260 ## - PUBLICATION, DISTRIBUTION, ETC. (IMPRINT)
Name of publisher, distributor, etc. PHI Learning
365 ## - TRADE PRICE
Currency code Rs.
Price amount 275.00
700 ## - ADDED ENTRY--PERSONAL NAME
Personal name Gangal J.K.
9 (RLIN) 193947
906 ## - LOCAL DATA ELEMENT F, LDF (RLIN)
d O:0384525-Apr-2014B:IN 8120-Apr-2014
c GENRL
b 371.25
Holdings
Withdrawn status Lost status Damaged status Not for loan Home library Current library Date acquired Vendor Budget Code Cost, normal purchase price Bill number Total Checkouts Full call number Barcode Date last seen Discount Cost, replacement price Bill Date Koha item type Original Barcode
        Cummins College of Engineering for Women Pune Cummins College of Engineering for Women Pune 25/04/2014 Pradeep Book Distributors GENRL 200.75 IN 81   428.0071 CCEP-BK-47116 18/07/2023 371.25 275.00 20/04/2014 Books 047116